| 000 | 00576nam a22002057a 4500 | ||
|---|---|---|---|
| 005 | 20220608140258.0 | ||
| 008 | 220608b ||||| |||| 00| 0 eng d | ||
| 040 | _cAloy | ||
| 041 | _aeng | ||
| 082 |
_223 _a954.092 _bLOKS |
||
| 100 |
_aLok Sabha Secretariat _941103 |
||
| 245 | _aSwatantryaveer Vinayaka Damodar Savarkar | ||
| 260 |
_aNew Delhi: _bLok Sabha Secretariat, _c2003 |
||
| 300 |
_a36p. _bPB _c21x14cm. |
||
| 365 | _2Biography | ||
| 650 |
_aBiography _941104 |
||
| 650 |
_aFreediom Fighter _941105 |
||
| 700 |
_aLOK SABHA SECRETARIAT _941106 |
||
| 942 |
_2ddc _cGF |
||
| 999 |
_c223300 _d223300 |
||